000 00486nas a2200181 a 4500
003 DLC
005 20210219155947.0
008 080416c 9999 r1 0 0eng d
022 _a0261-510x
035 _aUPN01000155481
245 0 0 _aBRITISH JOURNAL OF DEVELOPMENTAL PSYCHOLOGY
260 _aInglaterra
_bBritish Psychological Society
310 _aTrimestral
653 0 _aPSICOLOGIA DEL DESARROLLO
653 0 _aPSICOLOGIA EDUCATIVA
905 _aRevista
999 _c127596
_d127596